Distribution and development a new look at the developing world /

Bibliographic Details
Main Author: Fields, Gary S.
Corporate Author: ProQuest (Firm)
Format: Electronic eBook
Language:English
Published: New York : London : Russell Sage Foundation ; MIT Press, 2001.
Subjects:
Online Access:Click to View
LEADER 01376nam a2200361 a 4500
001 EBC3338426
003 MiAaPQ
005 20200520144314.0
006 m o d |
007 cr cn|||||||||
008 010903s2001 nyua sb 001 0 eng
015 |a GBA1-22852 
016 7 |a 0262062151  |2 Uk 
020 |z 0262062151 
035 |a (MiAaPQ)EBC3338426 
035 |a (Au-PeEL)EBL3338426 
035 |a (CaPaEBR)ebr2001017 
035 |a (OCoLC)923251559 
040 |a MiAaPQ  |c MiAaPQ  |d MiAaPQ 
050 4 |a HC59.72.I5  |b F54 2001 
082 0 4 |a 339.22091724  |2 21 
100 1 |a Fields, Gary S. 
245 1 0 |a Distribution and development  |h [electronic resource] :  |b a new look at the developing world /  |c Gary S. Fields. 
260 |a New York :  |b Russell Sage Foundation ;  |a London :  |b MIT Press,  |c 2001. 
300 |a x, 260 p. :  |b ill. 
504 |a Includes bibliographical references and index. 
533 |a Electronic reproduction. Ann Arbor, MI : ProQuest, 2015. Available via World Wide Web. Access may be limited to ProQuest affiliated libraries. 
650 0 |a Income distribution  |z Developing countries. 
650 0 |a Poverty  |z Developing countries. 
651 0 |a Developing countries  |x Economic conditions. 
655 4 |a Electronic books. 
710 2 |a ProQuest (Firm) 
856 4 0 |u https://ebookcentral.proquest.com/lib/matrademy/detail.action?docID=3338426  |z Click to View